000 00594nam a2200217Ia 4500
005 20250508163940.0
008 008 250505s9999 xx 000 0 hin d
020 _a81-7714-017-5
037 _aTextBook
040 _aFEDL
_beng
_cFEDL
041 _ahin
_2eng
084 _a371.2, HAR
_qFEDL
100 _aHarivansh Tarun
245 0 _aVidyalaya - prabandh avam swasthya - shiksha
260 _aNew Delhi, India
_bPrakashan Sansthan
_c2000
300 _a192p
365 _aINR
_b175
650 _aSchool Management
942 _cTB
_h371.2, HAR
999 _c1386239
_d1386239